Gestión de proyectos con enfoque PMI: uso de project y excel 2013 (Registro nro. 8405)
[ vista simple ]
| 000 -Cabecera | |
|---|---|
| Campo de control de longitud fija | 01128nam a22003617a 4500 |
| 005 - Fecha y hora de la última transacción | |
| Campo de control | 20250625141655.0 |
| 008 - Elementos de longitud fija--Información general | |
| Campo de control de longitud fija | 160912b2014 xxu||||| |||| 00| 0 spa d |
| 020 ## - International Standard Book Number | |
| Número Internacional Estándar del Libro (ISBN) | 9789587710472 |
| 041 ## - Idioma | |
| Código de idioma | Español |
| 082 ## - Clasificación Decimal Dewey | |
| Número de clasificación | 658.404.028.5 T686g3 |
| 100 ## - Entrada principal--Autor personal | |
| Nombre personal | Toro López, Francisco |
| 245 ## - Título propiamente dicho | |
| Título | Gestión de proyectos con enfoque PMI: uso de project y excel 2013 |
| 250 ## - Edición | |
| Mención de edición | 3 edición |
| 260 ## - Pie de imprenta | |
| Lugar de publicación, distribución, etc. | Colombia |
| 260 ## - Pie de imprenta | |
| Nombre del editor, distribuidor, etc. | Ecoe Ediciones |
| 260 ## - Pie de imprenta | |
| Fecha de publicación, distribución, etc. | 2014 |
| 300 ## - Descripción física | |
| Extensión | 369 páginas |
| 490 ## - Serie | |
| Título de la Serie | Dirección y Adminitración de Empresas |
| 650 ## - Materia general | |
| Temática (materia general) | GERENCIA DE PROYECTOS |
| 650 ## - Materia general | |
| Temática (materia general) | PROCESAMIENTO DE DATOS |
| 650 ## - Materia general | |
| Temática (materia general) | APLICACIONES DE COMPUTADORAS |
| 650 ## - Materia general | |
| Temática (materia general) | PROJECT |
| 650 ## - Materia general | |
| Temática (materia general) | ADMINISTRACIÓN DE PROYECTOS |
| 650 ## - Materia general | |
| Temática (materia general) | CONSIDERACIONES GENERALES SOBRE PROYECTOS |
| 650 ## - Materia general | |
| Temática (materia general) | PLANEACIÓN DE PROYECTOS |
| 650 ## - Materia general | |
| Temática (materia general) | EVALUACIÓN Y CONTROL DE PROYECTOS |
| 650 ## - Materia general | |
| Temática (materia general) | TÉCNICAS PARA INTERCAMBIAR Y COMPARTIR INFORMACIÓN |
| 650 ## - Materia general | |
| Temática (materia general) | MICROSOTF PROJECT EN AMBIENTES CORPORATIVOS |
| 650 ## - Materia general | |
| Temática (materia general) | CONTROL DE PROYECTOS |
| 650 ## - Materia general | |
| Temática (materia general) | EVALUACIÓN DE PROYECTOS |
| 650 ## - Materia general | |
| Temática (materia general) | EXCEL |
| 942 ## - Punto de acceso adicional KOHA | |
| Tipo de ítem KOHA | Libro |
| Fuente del sistema de clasificación o colocación | Dewey Decimal Classification |
| Signatura completa | Código de barras | Programa Académico | Tipo de ítem |
|---|---|---|---|
| 658.404.028.5 T686g3 | 21361 | Libro |